00498nam a2200193Ia 4500003000900000008004100009040001300050040001300063041000800076100002200084245010200106250001200208260001500220260000900235300001100244300001000255490003300265490000600298IT-RoPAU120407s9999 xx 000 0 und d aIT-RoPAU cIT-RoPAU aita aAlexandre Ganoczy aDalla sua pienezza noi tutti abbiamo ricevuto. Lineamenti fondamentali della dottr. della grazia. aBrescia aQueriniana c1991 a334 p. c23 cm a Bibl. di teol. contemp., 67 v1